| 000 | 00574nam a2200145 a 4500 | ||
|---|---|---|---|
| 001 | 000006060 | ||
| 005 | 20200929151917.0 | ||
| 008 | 090826s1997 dr 000 0 spa d | ||
| 040 |
_aDO-SdBNP _bspa _cBNPHU |
||
| 110 | 1 |
_aRepública Dominicana. _bPresidencia de la República _917065 |
|
| 245 | 1 | 0 | _aLagislación del estado Dominicano sobre división territorial (1844-1996). |
| 260 |
_aSanto Domingo : _bComisión Presidencial para la Reforma y Modernización del Estado : _bOficina Ncional de Estadística, _c1997. |
||
| 300 |
_a139 ; _c29 cm. |
||
| 504 | _aBibliografía : p. 139 | ||
| 999 |
_c5856 _d5856 |
||